Corpi minori : romanzo /
Guardat en:
| Autor principal: | |
|---|---|
| Format: | Llibre |
| Idioma: | italià |
| Publicat: |
Milano :
Mondadori,
2022
|
| Col·lecció: | Scrittori italiani e stranieri
|
| Etiquetes: |
Sense etiquetes, Sigues el primer a etiquetar aquest registre!
|
MARC
| LEADER | 00000nam a2200000 i 4500 | ||
|---|---|---|---|
| 001 | IT\ICCU\TO0\2094886 | ||
| 003 | ItRI | ||
| 005 | 20260223152332.0 | ||
| 008 | 220208s2022 it |||||| ||||| |||||c | ||
| 015 | |2 IT |a 2022-2910 | ||
| 020 | |a 9788804737223 | ||
| 040 | |b ita |c GP | ||
| 041 | 7 | |a ita |2 ISO-639-2 | |
| 082 | |a 853.92 |2 23 | ||
| 100 | 1 | |a Bazzi, Jonathan |0 IT\ICCU\RAVV\692457 |4 aut | |
| 240 | 1 | 0 | |a Corpi minori |9 Bazzi, Jonathan |
| 245 | 1 | 0 | |a Corpi minori : |b romanzo / |c Jonathan Bazzi. |
| 260 | |a Milano : |b Mondadori, |c 2022 | ||
| 300 | |a 320 p. ; |c 22 cm | ||
| 830 | 0 | |a Scrittori italiani e stranieri |0 IT\ICCU\CFI\0000594 | |
| 942 | |2 ddc |c BK | ||
| 952 | |0 0 |1 0 |2 ddc |4 0 |6 853_920000000000000_BAZ |7 1 |9 3977 |a RM |b RM |d 2025-04-23 |l 0 |o 853 92 BAZ |p 908 |r 2025-04-23 17:40:32 |w 2025-04-23 |y BK | ||
| 952 | |0 0 |1 0 |2 ddc |4 0 |6 853_920000000000000_BAZ_COR |7 0 |9 9289 |a VT |b VT |d 2025-07-23 |e Donazione Lorenzo Abbate |i B35 |l 0 |o 853.92 BAZ COR |p B35 |r 2025-07-23 11:19:43 |w 2025-07-23 |y BK |z Donazione Lorenzo Abbate | ||
| 952 | |0 0 |1 0 |4 0 |6 DOC_853_920000000000000_BAZ |7 0 |9 19124 |a BO |b BO |d 2026-01-15 |i 19598 |l 0 |o DOC 853.92 BAZ |p BO19598 |r 2026-01-15 23:20:31 |w 2026-01-15 |x [Sebina 5] [1 v.] |y BK |z 1 v. (sul frontespizio dedica dell'A.) | ||
| 999 | |c 3100 |d 3100 | ||